Регионална библиотека "Любен Каравелов" - Русе

В търсене на холивудския прислужник (Запис номер 349112)

MARC детайли
000 -Лидер
Контролно поле с фиксирана дължина 01061nam a2200277 a 4500
003 - Код на организацията, давaща контролен номер
Контролно поле BLK
005 - Дата и час на последна редакция
Контролно поле 20240404111339.0
008 - Елементи от данни с фиксирана дължина
fixed length control field 200317b bu |||||r|||| 00| | bu d
020 ## - Международен стандартен номер на книга ISBN
Международен стандартен номер на книга ISBN 9789542619574
040 ## - Източник на каталожния запис
Идентификатор на билиотеката - собственик на записа BLK
041 ## - Код за език
Код за езика на текст/звукозапис или на отделно заглавие Български
Код за езика КДБФ Български
080 ## - УДК
Текстов определител УДК Българска литература
УДК код - определител по УДК 821.163.2
УДК определител -32
УДК - код + определител 821.163.2-32
100 ## - Редна дума - Автор
Автор Добротинов, Христо Георгиев
Авторска отговорност първи автор
R(LIN) 1299
139 ## - Редно поле
Редна дума Добротинов, Христо Георгиев
Авторски знак Добро - Д 68
245 ## - Сведения за заглавието
Заглавие В търсене на холивудския прислужник
Редно поле (дума) Христо Добротинов.
Подзаглавни данни Разкази и новели
260 ## - Област на издателските данни
9 (RLIN) 209439
Място на издаване, разпространение и проч. Пловдив
Име на издателя, разпространителя и проч. Хермес
Година на издаване 2019
Печатница София : Алианс принт
300 ## - Физическа характеристика
Страници 200 с.
Размери/Мащаб 20 см
380 ## - Жанр
Жанр Худож. лит.
500 ## - Общи забележки
Забележка Биогр. данни за авт. отбелязани на гърба на кор.
852 ## - Местоположение
Форматна сигнатура Цб 299211
Фондова буква Хранилище
999 ## - СИСТЕМНИ КОНТРОЛНИ НОМЕРА
Koha biblionumber 349112
Koha biblioitemnumber 349112
942 ## - АРТИКУЛИ
Вид на библиотечния материал Книги
Скрит в OPAC Не
Периодичен библиозапис Да
Koha issues (borrowed), all copies 4
944 ## - СЪЗДАВАНЕ И РЕДАКЦИЯ на ЗАПИСА
Създаване/Редакция Създаване
Дата на регистрацията/редакция 2020-03-17
Служител, извършил регистрацията/редакцията 30530
Статус, дата на статуса Минев Младен
999 ## - СИСТЕМНИ КОНТРОЛНИ НОМЕРА
Koha biblioitemnumber 349112
999 ## - СИСТЕМНИ КОНТРОЛНИ НОМЕРА
Koha biblioitemnumber 349112
999 ## - СИСТЕМНИ КОНТРОЛНИ НОМЕРА
Koha biblioitemnumber 349112
Наличности
Код за отписване Код за изгубен артикул Източник на класификационната схема Код за повреда Коз за рестрикции Код за отдаване Артикулен № Име на библиотеката - собственик Име на библиотеката, в която се намира в момента Статус (Текущо местоположение) Дата на вписване в системата Местоположение - отдел Цена в лева Систематично азбучна сигнатура Баркод Цена в евро Служебен тип на артикула
  Не е изгубен Universal Decimal Classification Не е повреден без рестрикции ползва се в читалня 779829 Регионална библиотека "Любен Каравелов" Русе Регионална библиотека "Любен Каравелов" Русе Хранилище 2020-07-02 Хранилище 14.95 Цб 299211 120000843813 7.64 Книги
  Не е изгубен Universal Decimal Classification Не е повреден без рестрикции заемане за дома 804256 Регионална библиотека "Любен Каравелов" Русе Регионална библиотека "Любен Каравелов" Русе Заемна - подръчен фонд 2020-10-28 Заемна - подръчен фонд 10.46 821.163.2-32/Д 68 Х 120000849444 5.35 Книги
Vip Innovations Ltd, Rousse, Bulgaria 2025